Collaborative Approach to Trade Enhancing Connectivity in Sea- and Land-Locked Countries /

This book applies regional analysis to the challenges facing global investment agencies seeking to enhance trade in lagging regions. It shows how spatial interaction and agent-based modelling can be used as the basis for developing new plans and policies. An in-depth analysis of trade routes is pres...

Full description

Main Authors: Medda, Francesca Romana. (Author, http://id.loc.gov/vocabulary/relators/aut), Caravelli, Francesco. (http://id.loc.gov/vocabulary/relators/aut), Caschili, Simone. (http://id.loc.gov/vocabulary/relators/aut), Wilson, Alan. (http://id.loc.gov/vocabulary/relators/aut)
Corporate Author: SpringerLink (Online service)
Language:English
Published: Cham : Springer International Publishing : Imprint: Springer, 2017.
Edition:1st ed. 2017.
Series:Advances in Spatial Science, The Regional Science Series,
Subjects:
Online Access:https://doi.org/10.1007/978-3-319-47039-9
LEADER 03650nam a22006135i 4500
001 978-3-319-47039-9
003 DE-He213
005 20210619003651.0
007 cr nn 008mamaa
008 170424s2017 gw | s |||| 0|eng d
020 |a 9783319470399  |9 978-3-319-47039-9 
024 7 |a 10.1007/978-3-319-47039-9  |2 doi 
050 4 |a HT388 
050 4 |a HD28-9999 
072 7 |a KCP  |2 bicssc 
072 7 |a BUS067000  |2 bisacsh 
072 7 |a KCP  |2 thema 
072 7 |a GTM  |2 thema 
082 0 4 |a 338.9  |2 23 
100 1 |a Medda, Francesca Romana.  |e author.  |4 aut  |4 http://id.loc.gov/vocabulary/relators/aut 
245 1 0 |a Collaborative Approach to Trade  |h [electronic resource] :  |b Enhancing Connectivity in Sea- and Land-Locked Countries /  |c by Francesca Romana Medda, Francesco Caravelli, Simone Caschili, Alan Wilson. 
250 |a 1st ed. 2017. 
264 1 |a Cham :  |b Springer International Publishing :  |b Imprint: Springer,  |c 2017. 
300 |a XXII, 222 p. 28 illus., 13 illus. in color.  |b online resource. 
336 |a text  |b txt  |2 rdacontent 
337 |a computer  |b c  |2 rdamedia 
338 |a online resource  |b cr  |2 rdacarrier 
347 |a text file  |b PDF  |2 rda 
490 1 |a Advances in Spatial Science, The Regional Science Series,  |x 1430-9602 
505 0 |a Preface -- Part I: The Challenge and the Science -- Part II: The South Pacific Island Countries (SPICs) -- Part III: Uganda -- Part IV: Conclusions. 
520 |a This book applies regional analysis to the challenges facing global investment agencies seeking to enhance trade in lagging regions. It shows how spatial interaction and agent-based modelling can be used as the basis for developing new plans and policies. An in-depth analysis of trade routes is presented, which can be used to develop policies for increasing efficiency and reducing costs. Landlocked Uganda and the sea-locked South Pacific Islands serve to illustrate the problems of covering sizable distances, accelerating export flows and improving supply chain efficiency. These examples also provide an excellent illustration of the power of regional science, from assembling data bases in difficult situations to developing and applying models of the trade system. 
650 0 |a Regional economics. 
650 0 |a Spatial economics. 
650 0 |a Development economics. 
650 0 |a Economic geography. 
650 0 |a International economics. 
650 1 4 |a Regional/Spatial Science.  |0 https://scigraph.springernature.com/ontologies/product-market-codes/W49000 
650 2 4 |a Development Economics.  |0 https://scigraph.springernature.com/ontologies/product-market-codes/W42000 
650 2 4 |a Economic Geography.  |0 https://scigraph.springernature.com/ontologies/product-market-codes/J12000 
650 2 4 |a International Economics.  |0 https://scigraph.springernature.com/ontologies/product-market-codes/W33000 
700 1 |a Caravelli, Francesco.  |e author.  |4 aut  |4 http://id.loc.gov/vocabulary/relators/aut 
700 1 |a Caschili, Simone.  |e author.  |4 aut  |4 http://id.loc.gov/vocabulary/relators/aut 
700 1 |a Wilson, Alan.  |e author.  |4 aut  |4 http://id.loc.gov/vocabulary/relators/aut 
710 2 |a SpringerLink (Online service) 
773 0 |t Springer Nature eBook 
776 0 8 |i Printed edition:  |z 9783319470382 
776 0 8 |i Printed edition:  |z 9783319470405 
776 0 8 |i Printed edition:  |z 9783319836454 
830 0 |a Advances in Spatial Science, The Regional Science Series,  |x 1430-9602 
856 4 0 |u https://doi.org/10.1007/978-3-319-47039-9 
912 |a ZDB-2-ECF 
912 |a ZDB-2-SXEF 
950 |a Economics and Finance (SpringerNature-41170) 
950 |a Economics and Finance (R0) (SpringerNature-43720)